PRINCIPLES OF MANAGEMENT FOR BBA (Record no. 9030)

MARC details
000 -LEADER
fixed length control field 00558nam a22001457a 4500
003 - CONTROL NUMBER IDENTIFIER
control field SGT
082 ## - DEWEY DECIMAL CLASSIFICATION NUMBER
Classification number 658, GAR
100 ## - MAIN ENTRY--PERSONAL NAME
Personal name Dr.GARG R.K.
245 ## - TITLE STATEMENT
Title PRINCIPLES OF MANAGEMENT FOR BBA
260 ## - PUBLICATION, DISTRIBUTION, ETC. (IMPRINT)
Place of publication, distribution, etc NEW DELHI
Name of publisher, distributor, etc JEEVANSONS PUBLICATIONS
Year of Publication 2001
300 ## - PAGE DESCRIPTION
No. of Pages 214
650 ## - SUBJECT ADDED ENTRY--TOPICAL TERM
Topical term or geographic name as entry element MANAGEMENT
653 ## - KEYWORDS--INDEX TERM
Keyword term MEANING NATURE AND SIGNIFICANCE OF MANAGEMENT, BASIC MANAGERIAL ROLES,SKILLS AND MANAGERIAL WORK, APPROACHES TO MANAGEMENT THOUGHT, CONTEMPORARY ISSUES AND CHALLENGES OF MANAGEMENT, PLANING, TYPES OF PLANS, DECISION MAKING, CONTROLLING,
942 ## - ADDED ENTRY ELEMENTS (KOHA)
Source of classification or shelving scheme Dewey Decimal Classification
Koha item type FCM Books
Holdings
Withdrawn status Lost status Source of classification or shelving scheme Damaged status Not for loan Home library Current library Shelving location Date acquired Vendor Name Cost, normal purchase price SGTU Total Checkouts Full call number Accession No. (Barcode) Date last seen Date last borrowed Bill Date Koha item type Collection code
    Dewey Decimal Classification     SGT Science & Social Sciences Library SGT Science & Social Sciences Library Text Book 15/06/2016 GIFT BY DR. DILIP SINGH 130.00 SGTU 2 658, GAR CM251 13/12/2018 11/12/2018 15/06/2016 FCM Books  
    Dewey Decimal Classification     SGT Science & Social Sciences Library SGT Science & Social Sciences Library Text Book 09/07/2016 GIFT BY DR. DILIP SINGH 130.00 SGTU 2 658, GAR CM327 28/11/2019 20/11/2019 09/07/2016 FCM Books COMMERCE MANAGEMENT